00573nam a22002177a 450000500170000001000130001702000110003003500130004103700160005404000120007008200160008210000170009824500640011526000450017927000420022430000200026650000200028665000220030665000240032870000030035220170124110103.0 aB-030944 c250.00 aB-030944 bCen Lib/Ret aDPLbEN a954.09bMIS aMishra, D.P. aPost- Nehru era :cby Tribhuvan Nath bpolitical memories / aNew DelhibHar-anand publications c2001 bNew DelhiaD-9 Anand niketan e110021 a148p.c20cm(Hb) aIncludes index  aPolitical science aPoliticianszIndia